[Event "GER-ch U25-C"]
[Site "Willingen"]
[Date "2023.06.01"]
[Round "7"]
[White "Lang, Samuel"]
[Black "Kroemer, Antonius"]
[Result "1-0"]
[WhiteElo "1159"]
[BlackElo "1353"]
[PlyCount "53"]
[EventDate "2023.05.27"]
[EventType "swiss"]
[EventRounds "9"]
[EventCountry "GER"]
[SourceTitle "CBM 214 Extra"]
[Source "ChessBase"]
[SourceDate "2023.07.31"]
[SourceVersion "1"]
[SourceVersionDate "2023.07.31"]
[SourceQuality "1"]

1. d4 f5 2. c4 Nf6 3. Nc3 e6 4. Nf3 Bb4 5. Qc2 0-0 6. a3 Bxc3+ 7. Qxc3 b6 8. Bf4 Bb7 9. e3 d6 10. Be2 Ne4 11. Qb3 Qe7 12. h4 h6 13. Nd2 d5 14. Nxe4 fxe4 15. g4 Qf7 16. h5 c5 17. dxc5 bxc5 18. g5 dxc4 19. Bxc4 Bd5 20. gxh6 gxh6 21. Rg1+ Kh7 22. Rg6 Nc6 23. Rxh6+ Kg8 24. Rg6+ Kh8 25. Qc3+ Kh7 26. Rh6+ Kg8 27. Qh8# 1-0

[Event "GER-ch U25-C"]
[Site "Willingen"]
[Date "2023.05.31"]
[Round "5"]
[White "Lang, Samuel"]
[Black "Schilay, Vinzenz"]
[Result "1-0"]
[WhiteElo "1159"]
[BlackElo "1052"]
[PlyCount "71"]
[EventDate "2023.05.27"]
[EventType "swiss"]
[EventRounds "9"]
[EventCountry "GER"]
[SourceTitle "CBM 214 Extra"]
[Source "ChessBase"]
[SourceDate "2023.07.31"]
[SourceVersion "1"]
[SourceVersionDate "2023.07.31"]
[SourceQuality "1"]

1. d4 d5 2. c4 e6 3. Nc3 Nf6 4. Bg5 Be7 5. Nf3 0-0 6. e3 b6 7. Bd3 Bb7 8. 0-0 Nbd7 9. Qc2 c5 10. a3 Rc8 11. Nd2 Qc7 12. Nb5 Qb8 13. Bxh7+ Kh8 14. Bd3 Ng4 15. Bf4 e5 16. Bg3 g6 17. h3 dxc4 18. Nxc4 Ngf6 19. dxe5 Qa8 20. exf6 Bxg2 21. fxe7 Bxf1 22. exf8Q+ Rxf8 23. Rxf1 a6 24. Nbd6 b5 25. Ne5 Nf6 26. Nexf7+ Kg7 27. Bxg6 Qc6 28. Bf4 Rxf7 29. Bxf7 Qf3 30. Qg6+ Kf8 31. Qxf6 Qxh3 32. Bh6+ Qxh6 33. Qxh6+ Ke7 34. Qe6+ Kf8 35. Nf5 c4 36. Qe8# 1-0